000 00553nam a2200193Ia 4500
005 20250508162729.0
008 008 250505s9999 xx 000 0 eng d
020 _a0-631-15245-8
037 _aTextual
040 _aFEDL
_beng
_cFEDL
041 _aeng
_2eng
084 _a306.44, PRE
_qFEDL
100 _aPreston Dennis R.
245 0 _aSociolinguistics and second language acquisition
260 _aNew York, USA
_bBasil Blackwell Limited
_c1989
300 _axv,326p.
942 _cTEXL
_h306.44, PRE
999 _c1378365
_d1378365